| 000 | 00707nam a2200289Ia 4500 | ||
|---|---|---|---|
| 001 | 4498 | ||
| 005 | 20240113233740.0 | ||
| 007 | ta | ||
| 008 | 050613s1985 a g b000 u ben u | ||
| 020 | _cHB | ||
| 040 | _aCotton College Assam | ||
| 041 | _aben | ||
| 082 |
_a891.443 _bVi 837 Pr |
||
| 100 | _aVivekananda, . | ||
| 245 | 0 |
_aPrachya O Prachyatya / _cVivekananda. _hTextual Documents |
|
| 250 | _a27th ed / | ||
| 260 |
_aCulcutta : _bUdodhan Karyalay , _c1985. |
||
| 300 |
_a136p. : _bill ; _c17cm . |
||
| 653 | _aBengali Novel | ||
| 653 | _aT/G-Bengali | ||
| 942 |
_2ddc _cBK |
||
| 999 |
_c4485 _d4485 |
||